00791nas a22002297a 4500999001700000005001700017007001200034008004100046022001400087040000900101082001500110245005600125260002000181300001600201310001200217365001600229500016400245650005400409655002000463856004900483942002900532 c40805d4080520200520105410.0cz aa aaaaa200428c m||poo|||| 00| 0 eng d a2053-1591 coclc a530bJOU/P aMaterials Research Expresshe-Journal (Open Access) bIOP Publishing, aPDF(online) aMonthly eOpen Access aAn open access, rapid peer-review journal publishing high quality research on the design, fabrication, properties and applications of all classes of materials. 092317aNatural sciences & mathematicsvPhysics 092257ae-Journal uhttps://iopscience.iop.org/journal/2053-1591 2ddccEJh530k530mJOU/P